Iran's foreign policy : (Record no. 15203)

000 -LEADER
fixed length control field 02186cam a2200385 a 4500
001 - CONTROL NUMBER
control field 15387138
005 - DATE AND TIME OF LATEST TRANSACTION
control field 20170105102913.0
008 - FIXED-LENGTH DATA ELEMENTS--GENERAL INFORMATION
fixed length control field 080729s2008 enk b 101 0 eng d
010 ## - LIBRARY OF CONGRESS CONTROL NUMBER
LC control number 2008276058
020 ## - INTERNATIONAL STANDARD BOOK NUMBER
International Standard Book Number 9780863723247
020 ## - INTERNATIONAL STANDARD BOOK NUMBER
International Standard Book Number 0863723241
035 ## - SYSTEM CONTROL NUMBER
System control number (OCoLC)ocn233705005
040 ## - CATALOGING SOURCE
Original cataloging agency OSU
Transcribing agency OSU
Modifying agency VVC
-- YDXCP
-- BAKER
-- BWK
-- BWX
-- DLC
042 ## - AUTHENTICATION CODE
Authentication code lccopycat
043 ## - GEOGRAPHIC AREA CODE
Geographic area code a-ir---
050 00 - LIBRARY OF CONGRESS CALL NUMBER
Classification number DS318.83
Item number .I736 2008
245 00 - TITLE STATEMENT
Title Iran's foreign policy :
Remainder of title from Khatami to Ahmadinejad /
Statement of responsibility, etc. edited by Anoushiravan Ehteshami and Mahjoob Zweiri.
250 ## - EDITION STATEMENT
Edition statement 1st ed.
260 ## - PUBLICATION, DISTRIBUTION, ETC.
Place of publication, distribution, etc. Reading, Berkshire, U.K. :
Name of publisher, distributor, etc. Ithaca Press,
Date of publication, distribution, etc. 2008.
300 ## - PHYSICAL DESCRIPTION
Extent xviii, 149 p. ;
Dimensions 25 cm.
500 ## - GENERAL NOTE
General note Based on papers from a conference held at Durham University in March 2005.
504 ## - BIBLIOGRAPHY, ETC. NOTE
Bibliography, etc. note Includes bibliographical references (p. 141-144) and index.
505 0# - FORMATTED CONTENTS NOTE
Formatted contents note Iran's foreign policy : independence, freedom and the Islamic Republic / R.K. Ramazani -- Foreign policy theories : implications for the foreign policy analysis of Iran / Ali Akbar Rezaei -- The United States and Iran in Iraq : risks and opportunities / Judith S. Yaphe -- Iranian-European relations : a strategic partnership? / Shahriar Sabet-Saeidi -- Iran : caught between European Union-United States rivalry? / Anastasia Th. Drenou -- Iran-United Kingdom relations since the revolution : opening doors / Christopher Rundle -- Diplomatic relations between Iran and the United Kingdom in the early reform period, 1997-2000 -- Arab-Iranian relations : new realities? / Mahjoob Zweiri -- Iran and its immediate neighbourhood / Anoushiravan Ehteshami.
600 10 - SUBJECT ADDED ENTRY--PERSONAL NAME
Personal name Khātamī, Muḥammad.
600 10 - SUBJECT ADDED ENTRY--PERSONAL NAME
Personal name Ahmadinejad, Mahmoud.
651 #0 - SUBJECT ADDED ENTRY--GEOGRAPHIC NAME
Geographic name Iran
General subdivision Foreign relations
Chronological subdivision 1979-1997
Form subdivision Congresses.
651 #0 - SUBJECT ADDED ENTRY--GEOGRAPHIC NAME
Geographic name Iran
General subdivision Foreign relations
Chronological subdivision 1997-
Form subdivision Congresses.
651 #0 - SUBJECT ADDED ENTRY--GEOGRAPHIC NAME
Geographic name Iran
General subdivision Politics and government
Chronological subdivision 1979-1997
Form subdivision Congresses.
651 #0 - SUBJECT ADDED ENTRY--GEOGRAPHIC NAME
Geographic name Iran
General subdivision Politics and government
Chronological subdivision 1997-
Form subdivision Congresses.
700 1# - ADDED ENTRY--PERSONAL NAME
Personal name Ehteshami, Anoushiravan.
700 1# - ADDED ENTRY--PERSONAL NAME
Personal name Zweiri, Mahjoob.
906 ## - LOCAL DATA ELEMENT F, LDF (RLIN)
a 7
b cbc
c copycat
d 1
e ncip
f 20
g y-gencatlg
942 ## - ADDED ENTRY ELEMENTS (KOHA)
Source of classification or shelving scheme
Koha item type Book
Holdings
Withdrawn status Lost status Damaged status Not for loan Collection code Permanent Location Current Location Shelving location Date acquired Total Checkouts Full call number Barcode Date last seen Price effective from Koha item type
          Centre for International Peace & Stability (CIPS) Centre for International Peace & Stability (CIPS) General Stacks 09/30/2013   327.55 IRA 2011 CIPS0001335 11/11/2013 11/11/2013 Book
© 2023 Central Library, National University of Sciences and Technology. All Rights Reserved.